Statistics for Words that End with “-ant”

Click here to take the quiz!

General Stats

  • This quiz has been taken 779 times
    (484 since last reset)
  • The average score is 20 of 37

Answer Stats

HintAnswer% Correct
Not a vowelconsonant
81%
Makes your armpits less stinkydeodorant
79%
A newborninfant
78%
Flaky, curved roll from Francecroissant
77%
Someone who puts their name in for a jobapplicant
76%
Tusked mammalelephant
75%
One of the players in a game showcontestant
74%
The accused, in a trialdefendant
73%
The police need one to search your housewarrant
72%
One who pays renttenant
70%
Where the firemen get waterhydrant
69%
Teenage what kind of Ninja Turtles?mutant
69%
Can floatbuoyant
68%
Event where Miss America gets chosenpageant
68%
Christian, but not CatholicProtestant
63%
Like a tumor that’s not benignmalignant
61%
Far, far awaydistant
56%
Opposite of ancestordescendant
55%
Like coffee that you make really, really fastinstant
53%
The “A” in CPAaccountant
52%
Empty, like a lotvacant
50%
Rank just above corporalsergeant
49%
Take his liver and put it in hertransplant
48%
A promise, like God made with Noahcovenant
43%
In a family wayexpectant
43%
The guy who hit meassailant
42%
Someone who can see the futureclairvoyant
42%
Like a raisin, but smallercurrant
42%
What you take for a stuffy nosedecongestant
42%
Absent from schooltruant
41%
Traces of this are an indication of arsonaccelerant
31%
Wayyyy too expensiveexorbitant
28%
Where Wolfgang Puck worksrestaurant
27%
The “A” in PDAassistant
24%
One who asks something of Godsupplicant
18%
Rhythmic speakingchant
17%
A tree killer, like Agent Orangedefoliant
11%

Score Distribution

Percentile by Number Answered

Percent of People with Each Score

Your Score History

You have not taken this quiz since the last reset